000 00561nam a2200181Ia 4500
008 090124s9999 xx 000 0 und d
082 _b23654
100 _aअभ्यंकर कुसुम
245 _a उध्वस्त अंगण
250 _a0
260 _bदिलीप प्रकाशन
300 _a184
600 _aअभ्यंकर कुसुम
630 _a उध्वस्त अंगण
700 _aअभ्यंकर कुसुम
730 _a उध्वस्त अंगण
942 _cBOOK
999 _c92399
_d92399